• 首页
  • 本馆介绍
  • 公告通知
  • 最新文献
  • 馆藏检索
  • 电子资源
  • 读者导购
  • 参考咨询
  • 我的图书馆
  • 登录
  • 详细信息显示
  • 放入我的书架
  • 预约/预借图书
  • 作者相关作品
  • 分类相关作品
  • 丛书相关作品
  • 出版社相关作品

书目信息

  • 表格格式
  • 工作单格式
  • 卡片格式
题名:
智能材料与智能系统
    
 
作者: 杨大智 主编
分册:  
出版信息:   天津大学出版社  2000
页数: 417页
开本: 20cm
丛书名:
单 册:
中图分类: TB381
科图分类:
主题词: 工程材料
电子资源:
ISBN: 7-5618-1392-9
000 00527nam0 2200181 450
001 0735592734
005 20070906095312.73
010    @a7-5618-1392-9@d¥27.50
100    @a20070906d km y0chiy0120 ea
101 0  @achi
200 1  @a智能材料与智能系统@Azhi neng cai liao yu zhi neng xi tong@f杨大智主编@Fyang da zhi zhu bian
210    @c天津大学出版社@d2000
215    @a417页@d20cm
606 0  @a工程材料
690    @aTB381@v3
701  0 @a杨大智@Ayang da zhi@4主编
801  0 @aCN@bPFT@c20070906
905    @a213230@dTB381@eP7@f1
    
    智能材料与智能系统/杨大智主编.-天津大学出版社,2000
    417页;20cm
    
    
    ISBN 7-5618-1392-9:¥27.50
    
●
相关链接 在E读中查询图书 在五车中查询图书 在当当中查询图书 在豆瓣中查询图书


正题名:智能材料与智能系统     索取号:TB381/P7         预约/预借

序号 登录号 条形码 馆藏地/架位号 状态 备注
1 7200817   272008178   物理系资料室/ [索取号:TB381/P7] 在馆    
唐山师范学院图书馆 欢迎您!
大连网信软件有限公司© 版权所有